Responses for show #7742 - Tuesday, April 17, 2018

2018 College Championship semifinal game 2.

Contestants

[<< previous game]

Eric Thorpe, a senior at Dartmouth College from Laguna Niguel, California

Hannah Sage, a sophomore at the University of Central Florida from Sarasota, Florida

Thatcher Chonka, a sophomore at the University of Oklahoma from Tulsa, Oklahoma

[next game >>]

Jeopardy! Round responses

OFFICIAL STATE STUFF
ACTING UP ON TV
ELEMENTARY
SEEING RED
HIT THE BOOKS
THE "GRE"s ARE COMING
    $200 12
South Dakota

Thatcher
    $200 11
Madam Secretary

Triple Stumper
    $200 6
oxygen

Thatcher
    $200 17
rose-colored glasses

Thatcher
    $200 5
dreams

Thatcher
    $200 22
greed

Thatcher
    $400 16
orange juice

Thatcher
    $400 27
This Is Us

Hannah
    $1,800 7
(Thatcher: What is gold?)

silver

Thatcher
    $400 18
the red carpet

Eric
    $400 2
slave

Thatcher
    $400 23
a greenback

Thatcher
    $600 15
a whoopie pie

Eric
    $600 28
Daisy Ridley

Triple Stumper
    $600 8
copper

Triple Stumper
    $600 19
Erik the Red

Thatcher
    $600 1
obscure

Hannah
    $600 24
gregarious

Eric
    $800 14
a pearl

Thatcher
    $800 29
Silicon Valley

Eric
    $800 9
uranium

Eric
    $800 20
the Cincinnati Reds

Thatcher
    $800 3
civilizations

Eric
    $800 25
grenadine

Hannah
    $1000 13
an appaloosa

Triple Stumper
    $1000 30
American Gods

Hannah
    $1000 10
aluminum

Eric
    $1000 21
a panda

Thatcher
    $1000 4
capitalism

Thatcher
    $1000 26
Gregorian

Hannah

Scores at the first commercial break (after clue 15):

Thatcher Hannah Eric
$1,000 $600 $3,200

Scores at the end of the Jeopardy! Round:

Thatcher Hannah Eric
$4,600 $3,800 $5,000

Double Jeopardy! Round responses

HISTORIC GEOGRAPHY
WORDS OF COMMUNICATION
ART
DEEP LYRICS
(Alex: You have to identify the performer for us.)
DEBATE TOPICS
COMBINATIONS
(Alex: You have to tell us the items which, when combined, give us what we're going for.)
    $400 11
Thailand

Thatcher
    $400 21
a sermon

Eric
    $400 1
The Thinker

Eric
    $400 6
(Eric: Who is Johnny Cash?)

Rihanna

Eric
Triple Stumper
    $400 26
driving

Eric
    $400 12
chocolate, vanilla and strawberry

Eric
    $800 10
Mexico City

Eric
    $800 22
chat

Hannah
    $800 2
(James Abbott McNeill) Whistler

Thatcher
    $800 17
(Meghan) Trainor

Thatcher
    $800 27
obesity

Thatcher
    $800 13
a donkey and a horse

Eric
    $4,000 7
Delphi

Thatcher
    $1200 23
(Eric: What is a smear campaign?)
...
(Alex: Breathy type because it's [*].)

a whisper campaign

Eric
Triple Stumper
    $1200 3
mobiles

Hannah
    $1200 18
Charlie Puth

Triple Stumper
    $1200 28
drones

Thatcher
    $1200 14
lemonade and iced tea

Hannah
    $1600 8
Tonkin

Thatcher
    $1600 24
an utterance

Eric
    $2,000 4
van Gogh

Hannah
    $1600 19
Lana Del Rey

Eric
    $1600 29
genetically modified organisms

Hannah
    $1600 15
(Eric: What is a man and a horse?

a man and a goat

HannahEric
    $2000 9
Milan

Eric
    $2000 25
tête-à-tête

Hannah
    $2000 5
The Garden of Earthly Delights

Thatcher
    $2000 20
(Eric: Who is Pitbull?)
(Thatcher: Who is DeRulo?)

LMFAO

ThatcherHannahEric
    $2000 30
euthanasia

Eric
    $2000 16
carbon and hydrogen

Hannah

Scores at the end of the Double Jeopardy! Round:

Thatcher Hannah Eric
$14,200 $18,200 $10,200

[wagering suggestions for these scores]

Final Jeopardy! Round responses

RUSSIAN CULTURE
(Alex: [To Eric] Tchaikovsky's ballet.)
EricWhat is... The Nutcracker
$10,200
ThatcherWhat is... The Nutcracker
$14,200
HannahWhat is The Nutcracker?
$10,201
The Nutcracker

Final scores:

Thatcher Hannah Eric
$28,400 $28,401 $20,400
2nd place: $10,000 Finalist 3rd place: $10,000

Game dynamics:

Coryat scores:

Thatcher Hannah Eric
$13,200 $17,800 $10,200
21 R
(including 1 DD),
2 W
(including 1 DD)
14 R
(including 1 DD),
0 W
17 R,
4 W

Combined Coryat: $41,200

The J! Archive is created by fans, for fans. The Jeopardy! game show and all elements thereof, including but not limited to copyright and trademark thereto, are the property of Jeopardy Productions, Inc. and are protected under law. This website is not affiliated with, sponsored by, or operated by Jeopardy Productions, Inc. Join the discussion at JBoard.tv.